| 000 | 00575pam a2200157a 44500 | ||
|---|---|---|---|
| 008 | 230515b2018 xxu||||| |||| 00| 0 eng d | ||
| 020 | _a9789383864300 | ||
| 041 | _aENGLISH | ||
| 082 | _a000 | ||
| 100 | _aMINISTRY OF AYUSH | ||
| 245 | _aQUALITY SAFETY AND BIOLOGICAL SCREENING OF MEDICINAL PLANTS USED IN AYURVEDA & SIDDHA AND FORMULATOONS FOR IMMUNODEFICIENCY | ||
| 250 | _aI | ||
| 260 |
_aNEW DELHI _bNULL _c2018 |
||
| 300 | _a474 | ||
| 650 | _aQUALITY SAFETY AND BIOLOGICAL SCREENING OF MEDICINAL PLANTS USED IN AYURVEDA & SIDDHA AND FORMULATOONS FOR IMMUNODEFICIENCY | ||
| 999 |
_c502261 _d502261 |
||